000 01154nam a2200277Ia 4500
003 OSt
005 20210823142449.0
008 210310s1964 sp ad fr 001 0 spa d
040 _aCO-JMCR
_cCO-JMCR
041 1 _aspa
_hgem
082 0 4 _a332.401 /
_bP371t
_223
100 1 _aPedersen, Jorgen,
_917058
_eautor
245 1 0 _aTeoría y política del dinero /
_cJorgen Pedersen ; traducción del danés por Arne Koefoed ; introducción, revisión y notas por Manuel de Torres
250 _aCuarta edición
260 _aMadrid :
_bAguilar,
_c1964
300 _axxvii, 420 páginas :
_bilustraciones y gráficas a blanco y negro ;
_c22 cm.
490 0 _aBiblioteca de Ciencias Sociales. Sección primera: Economía
500 _aIncluye notas a pie de página e índices alfabético de autores y materias. Título original: Penge teori och penge politik
505 0 _aTeoría del dinero -- Política del dinero
546 _aTraducido del danés.
650 1 4 _aMoneda
_917060
_xEconomía
650 2 4 _aEconomía
_xTeorías
_939541
700 1 _aKoefoed, Arne,
_etraductor
_939542
700 1 _aTorres, Manuel de,
_erevisor
_93623
942 _2ddc
_cBK
999 _c8365
_d8365